000 00901nas1a22002171i 4500
001 v19\rc\2071277
005 20240725225901.0
035 _a(NLR Aleph) 005167169
090 _a5037400
_c5037400
100 _a20081218b19151916|||y0rusy50 ca
101 0 _arus
102 _aRU
105 _ay z |||||
200 1 _aОтклики
_eПолит. журн.
210 _aПетроград
_dц1915-ц1916
423 0 _11010#$arus
_12001#$aФельетоны на важнейшие темы полит. дня
_153212$aФельетоны на важнейшие темы политического дня
_tФельетоны на важнейшие темы полит. дня
801 0 _aRU
_bNLR
_gpsbo
801 1 _aRU
_bProSoft-M
_2rusmarc
830 _aПолное описание см. в каталоге периодических изданий
852 _aNLR
_jШифры разные
942 _cSE